| 000 | 00662nam a2200205Ia 4500 | ||
|---|---|---|---|
| 005 | 20260121110347.0 | ||
| 008 | 008 260114s9999 xx 000 0 hin d | ||
| 020 | _a9788132349464 | ||
| 037 | _aEBOOK | ||
| 040 |
_aCRL _bhin _cCRL |
||
| 041 |
_ahin _2hin |
||
| 084 | _qCRL | ||
| 100 |
_aगोपाल त्यागी / Ramanand Yadav _9945212 |
||
| 245 | 0 | _aखेल एवं आहार प्रबन्ध / Khel aur aahaar prabandhan | |
| 260 |
_bभाषा प्रकाशन / Bhasha Prakashan _c2020 |
||
| 856 | _uhttps://bhashaprakashan.com/product-details/378198 | ||
| 942 | _cEBOOK | ||
| 999 |
_c1536876 _d1536876 |
||